Organic Chemistry: the fundamental principles (Record no. 688)

MARC details
000 -LEADER
Fixed length control field 00483nam a2200193 4500
003 - CONTROL NUMBER IDENTIFIER
Control field SEACOMEC
005 - DATE AND TIME OF LATEST TRANSACTION
Control field 20240224112702.0
008 - FIXED-LENGTH DATA ELEMENTS--GENERAL INFORMATION
Fixed length control field 240224b |||||||| |||| 00| 0 eng d
020 ## - INTERNATIONAL STANDARD BOOK NUMBER / ISBN
Price Rs.525.00
040 ## - CATALOGING SOURCE
Original cataloging agency SEACOMEC
082 ## - DEWEY DECIMAL CLASSIFICATION NUMBER
Classification number 547
Book Number F491
100 ## - MAIN ENTRY--PERSONAL NAME
Personal name Finar,I.L.
245 1# - TITLE STATEMENT
Title Organic Chemistry: the fundamental principles
Statement of responsibility I.L. Finar
250 ## - EDITION STATEMENT
Edition statement 6th ed.
260 ## - IMPRINT
Place of publication Delhi
Name of publisher Pearson
Date of publication 2004
300 ## - PHYSICAL DESCRIPTION
Page / Vol. No 1
650 ## - SUBJECT ADDED ENTRY--TOPICAL TERM
Topical term Natural sciences,Organic chemistry
942 ## - ADDED ENTRY ELEMENTS (KOHA)
Koha item type Books
Holdings
Withdrawn status Lost status Source of classification Damaged status Not for loan Home library Current library Date acquired Total Checkouts Call number Accession number Date last seen Copy number Price effective from Koha item type
    Dewey Decimal Classification     SEACOM ENGINEERING COLLEGE SEACOM ENGINEERING COLLEGE 24/02/2024   547 F491 02941 24/02/2024 10 24/02/2024 Books
    Dewey Decimal Classification     SEACOM ENGINEERING COLLEGE SEACOM ENGINEERING COLLEGE 24/02/2024   547 F491 02942 24/02/2024 11 24/02/2024 Books
    Dewey Decimal Classification     SEACOM ENGINEERING COLLEGE SEACOM ENGINEERING COLLEGE 24/02/2024   547 F491 02943 24/02/2024 12 24/02/2024 Books
    Dewey Decimal Classification     SEACOM ENGINEERING COLLEGE SEACOM ENGINEERING COLLEGE 24/02/2024   547 F491 02944 24/02/2024 13 24/02/2024 Books
    Dewey Decimal Classification     SEACOM ENGINEERING COLLEGE SEACOM ENGINEERING COLLEGE 24/02/2024   547 F491 02945 24/02/2024 14 24/02/2024 Books
    Dewey Decimal Classification     SEACOM ENGINEERING COLLEGE SEACOM ENGINEERING COLLEGE 24/02/2024   547 F491 02946 24/02/2024 15 24/02/2024 Books
    Dewey Decimal Classification     SEACOM ENGINEERING COLLEGE SEACOM ENGINEERING COLLEGE 24/02/2024   547 F491 02947 24/02/2024 16 24/02/2024 Books
    Dewey Decimal Classification     SEACOM ENGINEERING COLLEGE SEACOM ENGINEERING COLLEGE 24/02/2024   547 F491 02948 24/02/2024 17 24/02/2024 Books
    Dewey Decimal Classification     SEACOM ENGINEERING COLLEGE SEACOM ENGINEERING COLLEGE 24/02/2024   547 F491 02949 24/02/2024 18 24/02/2024 Books
    Dewey Decimal Classification     SEACOM ENGINEERING COLLEGE SEACOM ENGINEERING COLLEGE 24/02/2024   547 F491 02950 24/02/2024 19 24/02/2024 Books
© Seacom Engineering College, All rights reserved.      Powered by Koha